000 00418nam a2200157Ia 4500
005 20250304110358.0
008 231217s9999 xx 000 0 und d
020 _a9788131408278
082 _a616.398 HUS;1
100 _aHussain, Azmal ed.
245 0 _aManaging overweight and obesity
260 _c2007
_bIcfai University press
_aHyderabad
300 _avii, 199
650 _aoverweight,obesity
942 _cAA
999 _c190601
_d190601